000 00560nam a2200205Ia 4500
005 20250505124925.0
008 008 250505s9999 xx 000 0 eng d
037 _aReference
040 _aLCO
_beng
_cLCO
041 _aeng
_2eng
084 _aY11:45:6 R1
_qLCO
100 _aAhmad, Afkar
_9753967
245 0 _aChild Rights in India
_c Afkar Ahmad
260 _aNew Delhi, India
_bSatyam law international
_c2021
300 _a210
365 _aINR
_b695
650 _aLaw
942 _cREF
_hY11:45:6 R1
999 _c1310688
_d1310688